Villes les plus embouteillées d'Europe en 2024 - Statistiques

Statistiques générales
  • Ce quiz a été pris 94 fois
  • Le résultat moyen est 7 sur 10
Statistiques - réponses
Pays Heures perdues/an Ville % Correct
Royaume‑Uni 101 h Londres
100%
France 97 h Paris
100%
Italie 71 h Rome
99%
Belgique 74 h Bruxelles
98%
Irlande 81 h Dublin
97%
Pologne 70 h Varsovie
95%
Slovénie 67 h Ljubljana
63%
Royaume‑Uni 65 h Bristol
20%
Irlande 65 h Galway
9%
Royaume‑Uni 68 h Bath
0%
Aucun quiz correspondant
Distribution des résultats
% des personnes avec chaque résultat
Percentile par nombre de réponses
Votre historique - résultats
Vous n’avez pas pris ce quiz